Catálogo
 En Linea

Los premios / (Registro nro. 22889)

Detalles MARC
000 -CABECERA
campo de control de longitud fija 00710nam a2200229 a 4500
001 - NÚMERO DE CONTROL
campo de control 000023392
005 - FECHA Y HORA DE LA ÚLTIMA TRANSACCIÓN
campo de control 20200930022203.0
008 - DATOS DE LONGITUD FIJA--INFORMACIÓN GENERAL
campo de control de longitud fija 101206s1995 mx r 000 f spa d
020 ## - NÚMERO INTERNACIONAL ESTÁNDAR DEL LIBRO
Número Internacional Estándar del Libro 9681902440
040 ## - FUENTE DE LA CATALOGACIÓN
Centro catalogador/agencia de origen DO-SdBNP
Lengua de catalogación spa
Centro/agencia transcriptor BNPHU
082 ## - NÚMERO DE LA CLASIFICACIÓN DECIMAL DEWEY
Número de clasificación A863.4
Número de documento/Ítem C827p
049 ## - FONDOS LOCALES (OCLC)
Fondos de biblioteca BNGR
100 1# - ENTRADA PRINCIPAL--NOMBRE DE PERSONA
Nombre de persona Cortázar, Julio,
Fechas asociadas al nombre 1914-1984.
9 (RLIN) 10688
245 10 - MENCIÓN DE TÍTULO
Título Los premios /
Mención de responsabilidad, etc. Julio Cortázar.
260 ## - PUBLICACIÓN, DISTRIBUCIÓN, ETC.
Lugar de publicación, distribución, etc. México, D.F. :
Nombre del editor, distribuidor, etc. Alfaguara,
Fecha de publicación, distribución, etc. 1995.
300 ## - DESCRIPCIÓN FÍSICA
Extensión 470 p. ;
Dimensiones 22 cm.
490 1# - MENCIÓN DE SERIE
Mención de serie Alfaguara literaturas
500 ## - NOTA GENERAL
Nota general Incluye datos biográficos del autor en la solapa de la contracubierta
650 #4 - PUNTO DE ACCESO ADICIONAL DE MATERIA--TÉRMINO DE MATERIA
Término de materia o nombre geográfico como elemento de entrada Novela argentina
9 (RLIN) 3941
650 #4 - PUNTO DE ACCESO ADICIONAL DE MATERIA--TÉRMINO DE MATERIA
Término de materia o nombre geográfico como elemento de entrada Literatura argentina
9 (RLIN) 3860
830 #0 - PUNTO DE ACCESO ADICIONAL DE SERIE-TÍTULO UNIFORME
Título uniforme alfaguara literaturas
9 (RLIN) 9775
Existencias
Estado de retiro Estado de pérdida Restricciones de uso No para préstamo Código de colección Localización permanente Ubicación/localización actual Ubicación en estantería Fecha de adquisición Número de inventario Total de préstamos Signatura topográfica completa Código de barras Fecha visto por última vez Precio válido a partir de Tipo de ítem Koha
        Monografías: Libros y Folletos General General En catalogación 06.12.2010 LF1   A863.4 C827p 23392-10 25.06.2020 25.06.2020 Préstamo en sala

Con tecnología Koha